000 00706cam a2200229 4500500
005 20260405004113.0
041 _afre
042 _adc
100 1 0 _aDevillairs, Laurence
_eauthor
245 0 0 _aL’impossibilité de ne rien faire selon Pascal
260 _c2023.
500 _a62
690 _aBlaise Pascal
690 _aConsolation
690 _aDivertissement
690 _aEnnui
690 _aMalheur
690 _aOisiveté
690 _aPrésent
786 0 _nPhilosophie magazine - Hors séries | Hors série - Été 2023 | HS58 | 2023-07-01 | p. 33-33 | 2104-9246
856 4 1 _uhttps://shs.cairn.info/magazine-philosophie-magazine-hs58-page-33?lang=fr&redirect-ssocas=7080
999 _c2073733
_d2073733